[Event "24th NATO Chess Championship"]
[Site "Rynia"]
[Date "2013.08.15"]
[Round "6.9"]
[White "Rosenkilde, Alexander"]
[Black "Narman, Gokhan"]
[Result "1/2-1/2"]
[WhiteElo "2262"]
[BlackElo "2102"]
[PlyCount "136"]
[EventDate "2013.08.??"]
[EventType "swiss"]
[EventRounds "7"]
[EventCountry "POL"]
[WhiteTeam "DEN"]
[BlackTeam "TUR"]
[WhiteTeamCountry "DEN"]
[BlackTeamCountry "TUR"]

1. d4 e6 2. c4 b6 3. e4 Bb7 4. Bd3 f5 5. exf5 exf5 6. d5 Bb4+ 7. Bd2 Bxd2+ 8.
Qxd2 Qf6 9. Nc3 Na6 10. Nf3 O-O-O 11. O-O Ne7 12. a4 Nc5 13. Bc2 a5 14. Nb5 c6
15. Nc3 Na6 16. Rfe1 Rhe8 17. Rad1 Nb4 18. Bb3 h6 19. Qc1 c5 20. Ba2 g5 21. Bb1
Ng6 22. Rxe8 Rxe8 23. Re1 Ne5 24. Nxe5 Rxe5 25. Rxe5 Qxe5 26. Qe3 Qxe3 27. fxe3
Kd8 28. Bxf5 d6 29. b3 Bc8 30. Bxc8 Kxc8 31. Nb1 Kd7 32. Kf2 Nd3+ 33. Kf3 Ne1+
34. Kf2 Nd3+ 35. Kf3 Ne1+ 36. Kg3 Ke7 37. Nd2 Kf6 38. Kf2 Nd3+ 39. Ke2 Nc1+ 40.
Kf3 Nd3 41. Kg4 Kg6 42. Ne4 Ne5+ 43. Kh3 Nf7 44. g4 Kg7 45. Kg2 Kf8 46. Ng3 Ke7
47. Nf5+ Kf6 48. h3 h5 49. Kg3 hxg4 50. hxg4 Ke5 51. Kf3 Kf6 52. Ke4 Ne5 53.
Nxd6 Nxg4 54. Nc8 Nf2+ 55. Kf3 Nd3 56. Nxb6 Kf5 57. d6 Ne5+ 58. Kg3 Ke6 59. d7
Ke7 60. Nd5+ Kxd7 61. Nf6+ Ke6 62. Ne4 Nd3 63. Kg4 Ke5 64. Nd2 Kf6 65. Kf3 Ne5+
66. Kg3 Nd3 67. Kf3 Ne5+ 68. Kg3 Nd3 1/2-1/2

[Event "24th NATO Chess Championship"]
[Site "Rynia"]
[Date "2013.08.15"]
[Round "6.10"]
[White "Papista, Akos"]
[Black "Ergonen, Arda"]
[Result "1/2-1/2"]
[WhiteElo "2173"]
[BlackElo "2022"]
[PlyCount "100"]
[EventDate "2013.08.??"]
[EventType "swiss"]
[EventRounds "7"]
[EventCountry "POL"]
[WhiteTeam "HUN"]
[BlackTeam "TUR"]
[WhiteTeamCountry "HUN"]
[BlackTeamCountry "TUR"]

1. d4 Nf6 2. Nf3 c5 3. c3 e6 4. e3 d5 5. Bd3 Nc6 6. Nbd2 Bd6 7. O-O O-O 8. Qe2
e5 9. dxc5 Bxc5 10. e4 Bg4 11. Nb3 Be7 12. Rd1 dxe4 13. Bxe4 Qc7 14. h3 Nxe4
15. hxg4 Nc5 16. Nxc5 Bxc5 17. Rd5 b6 18. Be3 Bxe3 19. Qxe3 Rad8 20. Rad1 Nd4
21. Rxd8 Nxf3+ 22. gxf3 Rxd8 23. Rxd8+ Qxd8 24. Qxe5 h6 25. Qb5 g6 26. a4 Qc7
27. Kg2 Kg7 28. Qd5 Qf4 29. b4 Qc7 30. c4 Qe7 31. c5 bxc5 32. bxc5 f5 33. c6 h5
34. Qd4+ Kf7 35. Qc3 hxg4 36. c7 gxf3+ 37. Kxf3 Qe4+ 38. Kg3 Qg4+ 39. Kh2 Qh4+
40. Kg2 Qg4+ 41. Qg3 Qc4 42. Qe5 Qg4+ 43. Kf1 Qd1+ 44. Kg2 Qg4+ 45. Qg3 Qc4 46.
f3 Qc2+ 47. Kh3 Qc1 48. Qe5 Qh1+ 49. Kg3 Qg1+ 50. Kh3 Qh1+ 1/2-1/2

[Event "24th NATO Chess Championship"]
[Site "Rynia"]
[Date "2013.08.15"]
[Round "6.11"]
[White "Fichtner, Ewald"]
[Black "Michalski, Daniel"]
[Result "1-0"]
[WhiteElo "2018"]
[BlackElo "2150"]
[PlyCount "147"]
[EventDate "2013.08.??"]
[EventType "swiss"]
[EventRounds "7"]
[EventCountry "POL"]
[WhiteTeam "GER"]
[BlackTeam "POL"]
[WhiteTeamCountry "GER"]
[BlackTeamCountry "POL"]

1. d4 Nf6 2. c4 g6 3. g3 Bg7 4. Bg2 d5 5. cxd5 Nxd5 6. Nf3 Nb6 7. Nc3 O-O 8.
O-O Nc6 9. d5 Na5 10. e4 c6 11. dxc6 Nxc6 12. Qe2 Bg4 13. Rd1 Nd4 14. Qe3 Nc4
15. Rxd4 Bxd4 16. Qxd4 Qxd4 17. Nxd4 Rfd8 18. Nb3 Rd6 19. Nd5 Kg7 20. Bf4 e5
21. Nd2 exf4 22. Nxc4 Rdd8 23. gxf4 Rac8 24. Nce3 Be6 25. Kf1 Rc5 26. b4 Rcc8
27. Ke1 a5 28. b5 Rc5 29. b6 Rb5 30. Bf1 Rc5 31. Rb1 Rdc8 32. Kd2 h5 33. h4 Rd8
34. Rb5 Rdc8 35. Rxc5 Rxc5 36. a3 f6 37. Nc7 Bd7 38. Nc4 g5 39. fxg5 fxg5 40.
e5 gxh4 41. Ke3 h3 42. e6 Bc6 43. e7 h2 44. Bg2 Rxc4 45. e8=Q Bxe8 46. Nxe8+
Kf8 47. Nd6 Ra4 48. Nxb7 Rxa3+ 49. Kf4 Ra1 50. Nc5 h1=Q 51. Bxh1 Rxh1 52. b7
Rb1 53. b8=Q+ Rxb8 54. Nd7+ Kf7 55. Nxb8 Kg6 56. Nd7 a4 57. Ne5+ Kf6 58. Nc4
Kg6 59. Ke5 h4 60. Kf4 Kh5 61. Na3 Kg6 62. Kg4 Kf6 63. Kxh4 Kf5 64. Kg3 Kg5 65.
f4+ Kf5 66. Kf3 Kf6 67. Ke4 Ke6 68. f5+ Kf6 69. Kf4 Kf7 70. Ke5 Ke7 71. f6+ Kf7
72. Kf5 Kf8 73. Kg6 Kg8 74. Nc2 1-0

[Event "24th NATO Chess Championship"]
[Site "Rynia"]
[Date "2013.08.15"]
[Round "6.12"]
[White "Picart, Laurent"]
[Black "Kruit, Erik"]
[Result "1-0"]
[WhiteElo "2109"]
[BlackElo "2011"]
[PlyCount "125"]
[EventDate "2013.08.??"]
[EventType "swiss"]
[EventRounds "7"]
[EventCountry "POL"]
[WhiteTeam "FRA"]
[BlackTeam "NED"]
[WhiteTeamCountry "FRA"]
[BlackTeamCountry "NED"]

1. d4 Nf6 2. c4 c5 3. d5 b5 4. cxb5 a6 5. b6 e6 6. Nc3 Nxd5 7. Nxd5 exd5 8.
Qxd5 Nc6 9. Nf3 Be7 10. Ne5 O-O 11. Nxc6 dxc6 12. Qxd8 Rxd8 13. g3 c4 14. Bd2
Bc5 15. Bc3 Rb8 16. Bg2 Rxb6 17. O-O Bb4 18. Rfd1 Rxd1+ 19. Rxd1 Be7 20. Bd4
Rb8 21. Bxc6 Be6 22. Bc3 a5 23. a3 Kf8 24. Rd2 Rd8 25. Bxa5 Rc8 26. Bd7 Bxd7
27. Rxd7 Ke8 28. Rd2 Bf6 29. Kg2 Ke7 30. e4 g5 31. Bb4+ Ke8 32. e5 Be7 33. Bc3
Bc5 34. Kf3 Rc6 35. Kg4 h6 36. Kf5 Ke7 37. f3 Rb6 38. Rd5 Be3 39. Bb4+ Ke8 40.
Rd6 Rb5 41. Ke4 Bc1 42. f4 gxf4 43. gxf4 Bxb2 44. Rc6 c3 45. Bxc3 Bxa3 46. Rxh6
Rc5 47. Bd4 Rb5 48. Rb6 Ra5 49. h4 Ra4 50. Rb1 Bc5 51. Rd1 Kf8 52. f5 Kg8 53.
Kd5 Be7 54. f6 Bd8 55. Ra1 Rxa1 56. Bxa1 Ba5 57. Bd4 Bd2 58. Ke4 Be1 59. h5 Bd2
60. Be3 Bc3 61. Kf5 Bb4 62. e6 fxe6+ 63. Kg6 1-0

[Event "24th NATO Chess Championship"]
[Site "Rynia"]
[Date "2013.08.15"]
[Round "6.13"]
[White "Leveillee, Philippe"]
[Black "Kedzierski, Slawomir"]
[Result "0-1"]
[WhiteElo "1852"]
[BlackElo "2095"]
[PlyCount "104"]
[EventDate "2013.08.??"]
[EventType "swiss"]
[EventRounds "7"]
[EventCountry "POL"]
[WhiteTeam "CAN"]
[BlackTeam "POL"]
[WhiteTeamCountry "CAN"]
[BlackTeamCountry "POL"]

1. d4 Nf6 2. c4 e6 3. Nf3 Bb4+ 4. Bd2 Be7 5. Nc3 d5 6. e3 O-O 7. Be2 b6 8. a3
Bb7 9. b4 dxc4 10. Bxc4 Nbd7 11. O-O c5 12. Rb1 cxd4 13. exd4 Ne4 14. Nxe4 Bxe4
15. Rc1 Nf6 16. Be3 Rc8 17. Ng5 Bd5 18. Bxd5 Nxd5 19. Nf3 Qd7 20. Qd3 Qa4 21.
Ng5 Bxg5 22. Bxg5 Qd7 23. Be3 Rxc1 24. Rxc1 Rc8 25. Rxc8+ Qxc8 26. h3 a6 27. b5
a5 28. Kf1 f5 29. g3 Kf7 30. Ke2 Nc3+ 31. Kd2 Nd5 32. Ke2 Ke7 33. Kd2 Kd7 34.
Qb3 Qc7 35. f4 Nf6 36. Kd3 h5 37. h4 Qb7 38. Ke2 Qg2+ 39. Bf2 Qe4+ 40. Qe3 Qc2+
41. Kf3 Ng4 42. Qe2 Qe4+ 43. Qxe4 fxe4+ 44. Ke2 Nxf2 45. Kxf2 Kd6 46. Ke2 Kd5
47. Ke3 a4 48. Ke2 Kxd4 49. Kd2 e3+ 50. Ke1 Kd3 51. Kd1 e2+ 52. Ke1 g6 0-1

[Event "24th NATO Chess Championship"]
[Site "Rynia"]
[Date "2013.08.15"]
[Round "6.14"]
[White "Sycz, Dariusz"]
[Black "Cheung, Jan W"]
[Result "1/2-1/2"]
[WhiteElo "2020"]
[BlackElo "2093"]
[PlyCount "99"]
[EventDate "2013.08.??"]
[EventType "swiss"]
[EventRounds "7"]
[EventCountry "POL"]
[WhiteTeam "POL"]
[BlackTeam "NED"]
[WhiteTeamCountry "POL"]
[BlackTeamCountry "NED"]

1. d4 Nf6 2. c4 c5 3. d5 b5 4. cxb5 a6 5. bxa6 g6 6. Nc3 Bxa6 7. Nf3 d6 8. e4
Bxf1 9. Kxf1 Bg7 10. g3 O-O 11. Kg2 Nbd7 12. h3 Ra6 13. Re1 Qa8 14. Re2 e6 15.
dxe6 fxe6 16. Ng5 d5 17. exd5 exd5 18. Kg1 Rb8 19. Bf4 Rbb6 20. Bc7 Rb4 21. Ne6
d4 22. Nxg7 Kxg7 23. Nb1 Rxa2 24. Rxa2 Qxa2 25. Qc1 Qd5 26. Re7+ Kf8 27. Bd8 g5
28. h4 h6 29. hxg5 hxg5 30. Re1 Rb8 31. Bxf6 Nxf6 32. Nd2 Kf7 33. Nc4 Ng4 34.
Re4 Rb4 35. b3 Nf6 36. Re5 Qf3 37. Rxc5 Qxb3 38. Ne5+ Ke6 39. Rc6+ Kxe5 40.
Qxg5+ Ke4 41. Qxf6 Kd3 42. Qf5+ Kd2 43. Qf4+ Kd3 44. Rc1 Ke2 45. Qe4+ Kd2 46.
Qe1+ Kd3 47. f3 Qb2 48. Qe4+ Kd2 49. Qe1+ Kd3 50. Qe4+ 1/2-1/2

[Event "24th NATO Chess Championship"]
[Site "Rynia"]
[Date "2013.08.15"]
[Round "6.15"]
[White "Wagenaar, Harm Theo"]
[Black "De Cat, Ben"]
[Result "1/2-1/2"]
[WhiteElo "2054"]
[BlackElo "1914"]
[PlyCount "31"]
[EventDate "2013.08.??"]
[EventType "swiss"]
[EventRounds "7"]
[EventCountry "POL"]
[WhiteTeam "NATO"]
[BlackTeam "BEL"]
[BlackTeamCountry "BEL"]

1. c4 f5 2. g3 Nf6 3. Bg2 e6 4. Nf3 Be7 5. O-O d6 6. Nc3 O-O 7. d3 c6 8. e4 e5
9. exf5 Bxf5 10. d4 e4 11. Ng5 d5 12. cxd5 cxd5 13. Nh3 Be6 14. Nf4 Bf7 15. Qb3
Nc6 16. Be3 1/2-1/2

[Event "24th NATO Chess Championship"]
[Site "Rynia"]
[Date "2013.08.15"]
[Round "6.17"]
[White "Prevot, Jean Luc"]
[Black "Andersen, Hans Christoph"]
[Result "0-1"]
[WhiteElo "2027"]
[BlackElo "2238"]
[PlyCount "70"]
[EventDate "2013.08.??"]
[EventType "swiss"]
[EventRounds "7"]
[EventCountry "POL"]
[WhiteTeam "FRA"]
[BlackTeam "GER"]
[WhiteTeamCountry "FRA"]
[BlackTeamCountry "GER"]

1. Nf3 d6 2. d4 g6 3. e4 Bg7 4. Nc3 Nf6 5. h3 O-O 6. Be3 a6 7. a4 b6 8. e5 Nfd7
9. e6 fxe6 10. Bd3 Nf6 11. h4 Qe8 12. h5 gxh5 13. Ne4 c5 14. c3 Nc6 15. Nfg5 h6
16. Nxf6+ Rxf6 17. Nh7 Rf5 18. g4 hxg4 19. Qxg4 Kxh7 20. O-O-O Qg6 21. Qh3 Bd7
22. Rdg1 Qf6 23. Bg5 Qf8 24. Qg2 cxd4 25. Bxh6 Bxh6+ 26. f4 Qf6 27. Rxh6+ Qxh6
28. Rh1 Qxh1+ 29. Qxh1+ Kg7 30. Bxf5 exf5 31. Qg2+ Kf7 32. cxd4 Rc8 33. d5 Nb4+
34. Kd1 Bxa4+ 35. Ke1 Rc1+ 0-1

[Event "24th NATO Chess Championship"]
[Site "Rynia"]
[Date "2013.08.15"]
[Round "6.18"]
[White "Pazeriene, Diana"]
[Black "Karbowiak, Adam"]
[Result "1/2-1/2"]
[WhiteElo "2025"]
[BlackElo "2167"]
[PlyCount "94"]
[EventDate "2013.08.??"]
[EventType "swiss"]
[EventRounds "7"]
[EventCountry "POL"]
[WhiteTeam "LTU"]
[BlackTeam "POL"]
[WhiteTeamCountry "LTU"]
[BlackTeamCountry "POL"]

1. d4 Nf6 2. c4 g6 3. Nc3 Bg7 4. e4 d6 5. Nf3 O-O 6. Be2 Bg4 7. O-O Nfd7 8. h3
Bxf3 9. Bxf3 a6 10. Be3 c5 11. Rc1 Nc6 12. dxc5 dxc5 13. Bg4 e6 14. f4 Bd4 15.
Qe2 b5 16. cxb5 axb5 17. Nxb5 Bxe3+ 18. Qxe3 Rxa2 19. Qb3 Ra5 20. Bxe6 Qb6 21.
Nd6 Nd4 22. Bxf7+ Kg7 23. Qxb6 Nxb6 24. Bc4 Nxc4 25. Rxc4 Ne2+ 26. Kh2 Nxf4 27.
Nf5+ gxf5 28. Rxf4 fxe4 29. Rfxe4 Rf7 30. Re8 Rb7 31. b4 Ra4 32. Rg4+ Kf6 33.
Rc8 Raxb4 34. Rc6+ Kf7 35. Rg5 R4b5 36. Rgxc5 Rxc5 37. Rxc5 Ra7 38. h4 Kg7 39.
Kh3 Rb7 40. h5 h6 41. Rc4 Ra7 42. Kg3 Rb7 43. Kf4 Ra7 44. g4 Rb7 45. Rc5 Ra7
46. Kf5 Rf7+ 47. Ke6 Rf4 1/2-1/2

[Event "24th NATO Chess Championship"]
[Site "Rynia"]
[Date "2013.08.15"]
[Round "6.19"]
[White "Hater, David"]
[Black "Waruga, Wojciech"]
[Result "0-1"]
[WhiteElo "2147"]
[BlackElo "2008"]
[PlyCount "36"]
[EventDate "2013.08.??"]
[EventType "swiss"]
[EventRounds "7"]
[EventCountry "POL"]
[WhiteTeam "USA"]
[BlackTeam "NATO"]
[WhiteTeamCountry "USA"]

1. e4 e6 2. Nc3 Bb4 3. Nf3 d5 4. e5 Ne7 5. a3 Bxc3 6. bxc3 c5 7. d4 Nbc6 8. Bg5
Qa5 9. Qd2 Bd7 10. Be2 Nf5 11. Be3 Nxe3 12. fxe3 f6 13. exf6 gxf6 14. O-O O-O-O
15. c4 Qxd2 16. Nxd2 cxd4 17. Rxf6 dxe3 18. cxd5 Nd4 0-1

[Event "24th NATO Chess Championship"]
[Site "Rynia"]
[Date "2013.08.15"]
[Round "6.20"]
[White "Kocur, Marc"]
[Black "Nielsen, Jan Mose"]
[Result "0-1"]
[WhiteElo "1866"]
[BlackElo "2081"]
[PlyCount "109"]
[EventDate "2013.08.??"]
[EventType "swiss"]
[EventRounds "7"]
[EventCountry "POL"]
[WhiteTeam "BEL"]
[BlackTeam "DEN"]
[WhiteTeamCountry "BEL"]
[BlackTeamCountry "DEN"]

1. Nf3 c5 2. Nc3 Nc6 3. d4 cxd4 4. Nxd4 Nf6 5. Bg5 d5 6. Qd2 e5 7. Bxf6 gxf6 8.
Ndb5 a6 9. Qxd5 axb5 10. Qxd8+ Kxd8 11. Nxb5 Be6 12. O-O-O+ Kc8 13. a3 Bc5 14.
e3 f5 15. g3 f4 16. gxf4 exf4 17. exf4 Bxf2 18. f5 Bd7 19. Nd6+ Kc7 20. Nb5+
Kc8 21. Nd6+ Kc7 22. Nb5+ Kd8 23. f6 Ra5 24. c4 Kc8 25. b4 Rxb5 26. cxb5 Nd4
27. Bc4 Kb8 28. Kd2 Rc8 29. Bd3 Bg4 30. Rb1 Bh4 31. Bxh7 Nxb5 32. Rhg1 Bg5+ 33.
Kd3 Rd8+ 34. Kc4 Be2+ 35. Kb3 Nd4+ 36. Kc3 Bxf6 37. Rg8 Ne6+ 38. Kb3 Nf8 39.
Bf5 Ka7 40. Re1 Bh5 41. Rc1 Be7 42. Re1 Bf6 43. Rgg1 Rd2 44. Bg4 b5 45. a4 Rd3+
46. Ka2 Bg6 47. Rd1 Rc3 48. Rc1 Bc2 49. Bd1 Bg6 50. Bb3 bxa4 51. Bxa4 Rh3 52.
Rg2 Be5 53. Re2 f6 54. Bb3 Bd3 55. Rg2 0-1

[Event "24th NATO Chess Championship"]
[Site "Rynia"]
[Date "2013.08.15"]
[Round "6.22"]
[White "Skwarczynski, Marcin"]
[Black "Hernandez, Albertryan"]
[Result "1-0"]
[WhiteElo "2014"]
[BlackElo "2077"]
[PlyCount "57"]
[EventDate "2013.08.??"]
[EventType "swiss"]
[EventRounds "7"]
[EventCountry "POL"]
[WhiteTeam "NATO"]
[BlackTeam "USA"]
[BlackTeamCountry "USA"]

1. Nc3 Nf6 2. e4 e5 3. f4 Bb4 4. fxe5 Bxc3 5. dxc3 Nxe4 6. Qg4 d5 7. Qxg7 Rf8
8. Bh6 Nd7 9. Nf3 Qe7 10. Bd3 b6 11. Qxh7 Bb7 12. Bxf8 Nxf8 13. Qh4 Ng6 14.
Qxe7+ Kxe7 15. Rg1 Rh8 16. O-O-O Ke6 17. g3 Rh5 18. h4 Nxe5 19. Nxe5 Rxe5 20.
Rde1 c5 21. c4 d4 22. Bxe4 Bxe4 23. g4 f6 24. g5 Ke7 25. gxf6+ Kxf6 26. Rg4 Kf5
27. Rg5+ Kf6 28. Rxe5 Kxe5 29. h5 1-0

[Event "24th NATO Chess Championship"]
[Site "Rynia"]
[Date "2013.08.15"]
[Round "6.23"]
[White "Tucker, David Sidney"]
[Black "Akman, Serkan"]
[Result "1-0"]
[WhiteElo "2069"]
[BlackElo "1948"]
[PlyCount "101"]
[EventDate "2013.08.??"]
[EventType "swiss"]
[EventRounds "7"]
[EventCountry "POL"]
[WhiteTeam "ENG"]
[BlackTeam "TUR"]
[WhiteTeamCountry "ENG"]
[BlackTeamCountry "TUR"]

1. e4 c5 2. Nf3 Nc6 3. d4 cxd4 4. Nxd4 Nf6 5. Nc3 e5 6. Ndb5 d6 7. a4 a6 8. Na3
Be6 9. Bc4 Bxc4 10. Nxc4 Be7 11. Be3 O-O 12. Nb6 Rb8 13. O-O Nd7 14. Ncd5 Nxb6
15. Bxb6 Qd7 16. Qd3 Bd8 17. c3 f5 18. f3 Bxb6+ 19. Nxb6 Qe6 20. Rad1 Rbd8 21.
Qc4 Qxc4 22. Nxc4 fxe4 23. fxe4 Rxf1+ 24. Kxf1 Kf7 25. Rxd6 Rf8 26. Ke2 Ke7 27.
Rd5 Ke6 28. b4 Ra8 29. b5 axb5 30. axb5 Ra2+ 31. Kf3 Na5 32. Rxe5+ Kf6 33. Rf5+
Ke6 34. Nxa5 Rxa5 35. Rc5 Kd6 36. Rd5+ Ke6 37. Ke3 h6 38. c4 Ra2 39. Rd2 Ra3+
40. Kd4 b6 41. Rc2 Ra4 42. Rf2 Ra1 43. Rf8 Rd1+ 44. Kc3 Rc1+ 45. Kd3 Rd1+ 46.
Kc2 Rg1 47. g3 Rg2+ 48. Kc3 Rxh2 49. Rb8 Rg2 50. Rxb6+ Ke5 51. Rg6 1-0

[Event "24th NATO Chess Championship"]
[Site "Rynia"]
[Date "2013.08.15"]
[Round "6.24"]
[White "Graczyk, Damian"]
[Black "Sari, Serdar"]
[Result "1-0"]
[WhiteElo "1991"]
[BlackElo "2052"]
[PlyCount "99"]
[EventDate "2013.08.??"]
[EventType "swiss"]
[EventRounds "7"]
[EventCountry "POL"]
[WhiteTeam "POL"]
[BlackTeam "TUR"]
[WhiteTeamCountry "POL"]
[BlackTeamCountry "TUR"]

1. d4 c5 2. d5 Nf6 3. Nf3 e6 4. Nc3 b5 5. Bg5 Qa5 6. Bxf6 gxf6 7. Qd2 Bg7 8.
Ne4 Qxd2+ 9. Nfxd2 Na6 10. dxe6 fxe6 11. Nd6+ Ke7 12. Nxb5 Rb8 13. e4 Nb4 14.
Na3 f5 15. c3 fxe4 16. Nxe4 d6 17. Be2 Bb7 18. Nxd6 Kxd6 19. Nc4+ Ke7 20. cxb4
cxb4 21. O-O Bd5 22. Rac1 b3 23. axb3 Rxb3 24. Ne3 Bd4 25. Nxd5+ exd5 26. Rfd1
Rb4 27. Bf3 Rd8 28. Rc7+ Kf6 29. Rc6+ Kg7 30. Rc7+ Kh8 31. h4 Bb6 32. Rc2 d4
33. Rcd2 Kg7 34. h5 Kf6 35. Kh2 Ba5 36. Kh3 Rc4 37. Rd3 Ke5 38. Rb3 Bb6 39.
Re1+ Kf6 40. Be4 Rd6 41. Rf3+ Kg7 42. Rg3+ Kh6 43. Bd3 Rc5 44. f4 Rxh5+ 45. Kg4
Rf6 46. Re7 Rg6+ 47. Bxg6 hxg6 48. Rh3 Rxh3 49. Kxh3 Bd8 50. Rd7 1-0

[Event "24th NATO Chess Championship"]
[Site "Rynia"]
[Date "2013.08.15"]
[Round "6.25"]
[White "Nielsen, Henrik"]
[Black "Dekker, Ard"]
[Result "1-0"]
[WhiteElo "2037"]
[BlackElo "1908"]
[PlyCount "103"]
[EventDate "2013.08.??"]
[EventType "swiss"]
[EventRounds "7"]
[EventCountry "POL"]
[WhiteTeam "DEN"]
[BlackTeam "NED"]
[WhiteTeamCountry "DEN"]
[BlackTeamCountry "NED"]

1. d4 Nf6 2. Nf3 g6 3. g3 Bg7 4. Bg2 d6 5. O-O O-O 6. b3 Nbd7 7. Bb2 c6 8. Re1
Qc7 9. e4 e5 10. c4 Re8 11. d5 c5 12. Nc3 a6 13. Qd3 Rf8 14. Rf1 Ng4 15. Bh3
Ndf6 16. Bg2 h5 17. Nd2 Nh7 18. Ne2 Bd7 19. h3 Nh6 20. f4 f6 21. Nf3 Rad8 22.
Rae1 g5 23. Bc1 Nf7 24. Kh2 Qc8 25. f5 Be8 26. Kg1 Nh6 27. Nh2 Kf7 28. Be3 Rh8
29. Qd2 Ng8 30. Rb1 Nf8 31. b4 b6 32. bxc5 bxc5 33. Rb6 h4 34. g4 Nh7 35. Rfb1
Bf8 36. Qa5 Be7 37. Nc3 Nf8 38. Qxa6 Nh6 39. Nf3 Rh7 40. Nb5 Bxb5 41. Qxc8 Rxc8
42. cxb5 Ke8 43. Bf1 Nf7 44. Ra6 Bd8 45. Nd2 Bc7 46. Nc4 Nd7 47. b6 Bb8 48. Na5
Nd8 49. Bb5 Kf8 50. Nc6 Rf7 51. a4 Kg7 52. a5 1-0

[Event "24th NATO Chess Championship"]
[Site "Rynia"]
[Date "2013.08.15"]
[Round "6.26"]
[White "Rosseel, Kimball"]
[Black "De Waard, Marco"]
[Result "0-1"]
[WhiteElo "1827"]
[BlackElo "2098"]
[PlyCount "86"]
[EventDate "2013.08.??"]
[EventType "swiss"]
[EventRounds "7"]
[EventCountry "POL"]
[WhiteTeam "BEL"]
[BlackTeam "NED"]
[WhiteTeamCountry "BEL"]
[BlackTeamCountry "NED"]

1. d4 d5 2. Nf3 Nf6 3. e3 Bg4 4. Bd3 e6 5. h3 Bh5 6. O-O c5 7. b3 Nc6 8. Bb2
cxd4 9. g4 Bg6 10. Nxd4 Bd6 11. Nd2 Rc8 12. N2f3 Qe7 13. Nxc6 bxc6 14. Ne5 Bxd3
15. Qxd3 O-O 16. f4 Ne4 17. Nf3 f6 18. Nd2 Nc5 19. Qe2 e5 20. Rae1 Qc7 21. Qf2
Rce8 22. Kg2 Nd7 23. Rc1 Bc5 24. f5 Qb6 25. Rfe1 Qa6 26. a4 Qb7 27. Bc3 d4 28.
exd4 exd4 29. Bb2 d3 30. Qf3 dxc2 31. Qc3 Bb4 32. Qc4+ Kh8 33. Rxe8 Rxe8 34.
Qf7 Re7 35. Qc4 Bxd2 36. Rxc2 c5+ 37. Kh2 Qc7+ 38. Kg2 Qc6+ 39. Kh2 Qd6+ 40.
Kg2 Be1 41. Ba3 Qg3+ 42. Kh1 Qf3+ 43. Kg1 Bg3 0-1

[Event "24th NATO Chess Championship"]
[Site "Rynia"]
[Date "2013.08.15"]
[Round "6.27"]
[White "Oltean, Gusztav"]
[Black "Kartal, Koray"]
[Result "1/2-1/2"]
[WhiteElo "2084"]
[BlackElo "1997"]
[PlyCount "83"]
[EventDate "2013.08.??"]
[EventType "swiss"]
[EventRounds "7"]
[EventCountry "POL"]
[WhiteTeam "HUN"]
[BlackTeam "TUR"]
[WhiteTeamCountry "HUN"]
[BlackTeamCountry "TUR"]

1. d4 Nf6 2. Bf4 d5 3. e3 c5 4. c3 Nc6 5. Bd3 Qb6 6. Qc1 Bg4 7. Nd2 e6 8. h3
Bh5 9. Ngf3 Be7 10. Ne5 Nxe5 11. dxe5 Nd7 12. c4 Bg6 13. Bxg6 hxg6 14. O-O O-O
15. Nf3 Rfd8 16. Rd1 Nb8 17. cxd5 exd5 18. Rd3 Qe6 19. Qc3 Na6 20. a3 Rac8 21.
Rad1 b6 22. Bg5 Nc7 23. Bxe7 Qxe7 24. Qc2 Qd7 25. Ng5 Qc6 26. e4 d4 27. Rxd4
Rxd4 28. Rxd4 Qe8 29. Rd6 Nb5 30. Rd5 Nc7 31. Rd3 Qxe5 32. Qd2 Ne6 33. Rd5 Qf6
34. Nf3 Rd8 35. e5 Rxd5 36. Qxd5 Qf4 37. Qa8+ Kh7 38. Qxa7 Qc1+ 39. Kh2 Qf4+
40. Kg1 Qc1+ 41. Kh2 Qf4+ 42. Kg1 1/2-1/2

[Event "24th NATO Chess Championship"]
[Site "Rynia"]
[Date "2013.08.15"]
[Round "6.28"]
[White "Cohnen, Michael"]
[Black "Mottais, Francois"]
[Result "0-1"]
[WhiteElo "1841"]
[BlackElo "2055"]
[PlyCount "36"]
[EventDate "2013.08.??"]
[EventType "swiss"]
[EventRounds "7"]
[EventCountry "POL"]
[WhiteTeam "NATO"]
[BlackTeam "FRA"]
[BlackTeamCountry "FRA"]

1. d4 d5 2. c4 Nc6 3. Nf3 e5 4. dxe5 Bb4+ 5. Bd2 dxc4 6. Nc3 Nge7 7. e3 Be6 8.
Ng5 Nxe5 9. Nxe6 fxe6 10. Qh5+ N7g6 11. Bxc4 O-O 12. Bxe6+ Kh8 13. Bf5 Qf6 14.
Be4 Qxf2+ 15. Kd1 Rad8 16. Qe2 Bxc3 17. bxc3 Nc4 18. Bd3 Rxd3 0-1

[Event "24th NATO Chess Championship"]
[Site "Rynia"]
[Date "2013.08.15"]
[Round "6.29"]
[White "Bublys, Vaidotas"]
[Black "Toll, Alec"]
[Result "1-0"]
[WhiteElo "1822"]
[BlackElo "2027"]
[PlyCount "73"]
[EventDate "2013.08.??"]
[EventType "swiss"]
[EventRounds "7"]
[EventCountry "POL"]
[WhiteTeam "LTU"]
[BlackTeam "NATO"]
[WhiteTeamCountry "LTU"]

1. d4 Nf6 2. c4 d6 3. Nf3 g6 4. Nc3 Bg7 5. h3 O-O 6. Bg5 Nbd7 7. Qd2 c5 8. e3
a6 9. Be2 Rb8 10. a4 h6 11. Bh4 b6 12. O-O Re8 13. Rad1 Bb7 14. Qc2 cxd4 15.
exd4 Rc8 16. d5 Rc7 17. Bg3 Qc8 18. Qd3 Nc5 19. Qc2 Ncd7 20. Bh2 Nc5 21. Rfe1
Qd7 22. b4 Nxa4 23. Nxa4 Nxd5 24. Rxd5 Bxd5 25. Nxb6 Qc6 26. Nxd5 Qxd5 27. cxd5
Rxc2 28. Bxa6 Kf8 29. Bf4 g5 30. Be3 Rb2 31. b5 Rb8 32. Nd4 Bxd4 33. Bxd4 Ra2
34. Rc1 Ke8 35. Ba7 Rd8 36. Rc7 Ra1+ 37. Kh2 1-0

[Event "24th NATO Chess Championship"]
[Site "Rynia"]
[Date "2013.08.15"]
[Round "6.30"]
[White "Wells, Daniel J"]
[Black "Deneyer, Frank"]
[Result "1/2-1/2"]
[WhiteElo "2023"]
[BlackElo "1825"]
[PlyCount "71"]
[EventDate "2013.08.??"]
[EventType "swiss"]
[EventRounds "7"]
[EventCountry "POL"]
[WhiteTeam "ENG"]
[BlackTeam "NATO"]
[WhiteTeamCountry "ENG"]

1. e4 e5 2. Nf3 Nc6 3. Bb5 a6 4. Ba4 Nf6 5. O-O b5 6. Bb3 Be7 7. Re1 O-O 8. a4
Bb7 9. d3 d6 10. Nbd2 Na5 11. Ba2 c5 12. Nf1 Qc7 13. Ng3 Nc6 14. Nf5 b4 15. c3
a5 16. d4 Bc8 17. Nxe7+ Nxe7 18. Bg5 Ne8 19. dxe5 dxe5 20. Bxe7 Qxe7 21. Qd5
Ra7 22. Qxe5 Nf6 23. Qxe7 Rxe7 24. e5 Nh5 25. Re3 Rfe8 26. Rae1 Rd8 27. g3 Bb7
28. cxb4 cxb4 29. Bc4 g6 30. Ng5 h6 31. Ne4 Bxe4 32. Rxe4 Ng7 33. f4 Ne6 34.
Bxe6 fxe6 35. Kf2 Rc7 36. R1e2 1/2-1/2

[Event "24th NATO Chess Championship"]
[Site "Rynia"]
[Date "2013.08.15"]
[Round "6.31"]
[White "Ozturk, Ali"]
[Black "Maes, Patrick"]
[Result "0-1"]
[WhiteElo "1763"]
[BlackElo "2017"]
[PlyCount "94"]
[EventDate "2013.08.??"]
[EventType "swiss"]
[EventRounds "7"]
[EventCountry "POL"]
[WhiteTeam "NATO"]
[BlackTeam "BEL"]
[BlackTeamCountry "BEL"]

1. d4 g6 2. e4 Bg7 3. Nf3 d6 4. Be2 Nd7 5. Bg5 c5 6. c3 h6 7. Bh4 Ngf6 8. Nbd2
O-O 9. O-O Qc7 10. Re1 e5 11. Rc1 Re8 12. Bd3 a6 13. a4 Rb8 14. Qe2 Nh5 15. Bg3
Nxg3 16. hxg3 Nf6 17. b4 Bg4 18. a5 Nd7 19. d5 f5 20. Qe3 Rf8 21. exf5 gxf5 22.
Nh4 e4 23. Bf1 Rbe8 24. Ng6 Rf6 25. Nf4 Ne5 26. Ne6 Qe7 27. bxc5 dxc5 28. Nxc5
Qd8 29. c4 h5 30. Nxb7 Qc7 31. Rb1 Bh6 32. Qd4 f4 33. Nxe4 Rg6 34. d6 Qg7 35.
Qb2 fxg3 36. Nxg3 Bf4 37. c5 h4 38. c6 hxg3 39. d7 gxf2+ 40. Qxf2 Bxd7 41. cxd7
Bh2+ 42. Kxh2 Qxd7 43. Kg1 Rf8 44. Qa2+ Kh7 45. Qc2 Qd4+ 46. Kh1 Qh4+ 47. Kg1
Nf3# 0-1